| 000 | 00394nam a2200133Ia 4500 | ||
|---|---|---|---|
| 999 |
_c4803 _d4803 |
||
| 008 | 200103s 1992 ||||xx |||||||||||||| ||und|| | ||
| 020 | _a9780113405916 | ||
| 082 |
_a363.37092 _bHMS |
||
| 100 | _aHMSO | ||
| 245 | 0 | _aManual of firemanship : a survey of the science of fire-fighting. Book 11: Practical Firemanship 1 | |
| 260 |
_bHMSO _c1992 _aLondon |
||
| 300 | _axv, 174p. | ||
| 942 | _cBK | ||